000
00285nam a2200121Ia 4500
008
241028s9999 xx 000 0 und d
041
_a
eng
082
_a
658.8 SHE
100
_a
Sheth
245
_a
Marketing Theory
260
_b
Wiley India
_a
New Delhi
_c
2022
300
_a
264;. P. 27 cm
999
_c
43035
_d
43035